Cleopatra : (Record no. 1113)

000 -LEADER
fixed length control field 01484nam a22003497a 4500
001 - CONTROL NUMBER
control field 16104227
003 - CONTROL NUMBER IDENTIFIER
control field OSt
005 - DATE AND TIME OF LATEST TRANSACTION
control field 20210426124104.0
008 - FIXED-LENGTH DATA ELEMENTS--GENERAL INFORMATION
fixed length control field 100223s2010 nyua b 001 0beng
010 ## - LIBRARY OF CONGRESS CONTROL NUMBER
LC control number 2010006988
020 ## - INTERNATIONAL STANDARD BOOK NUMBER
International Standard Book Number 9780316001922
040 ## - CATALOGING SOURCE
Original cataloging agency DLC
Transcribing agency DLC
Modifying agency DLC
043 ## - GEOGRAPHIC AREA CODE
Geographic area code f-ua---
050 00 - LIBRARY OF CONGRESS CALL NUMBER
Classification number DT92.7
Item number .S35 2010
080 ## - UNIVERSAL DECIMAL CLASSIFICATION NUMBER
Universal Decimal Classification number 92
Item number S-32
082 00 - DEWEY DECIMAL CLASSIFICATION NUMBER
Classification number 932/.021092
-- B
Edition number 22
100 1# - MAIN ENTRY--PERSONAL NAME
Personal name Schiff, Stacy.
245 10 - TITLE STATEMENT
Title Cleopatra :
Remainder of title a life /
Statement of responsibility, etc. by Stacy Schiff.
250 ## - EDITION STATEMENT
Edition statement 1st ed.
260 ## - PUBLICATION, DISTRIBUTION, ETC.
Place of publication, distribution, etc. New York :
Name of publisher, distributor, etc. Little, Brown and Co.,
Date of publication, distribution, etc. c2010.
300 ## - PHYSICAL DESCRIPTION
Extent 368 p. :
Other physical details ill. ;
Dimensions 24 cm.
504 ## - BIBLIOGRAPHY, ETC. NOTE
Bibliography, etc. note Includes bibliographical references (p. 347-349) and index.
505 0# - FORMATTED CONTENTS NOTE
Formatted contents note Introduction: That Egyptian woman -- Dead men don't bite -- Cleopatra captures the old man by magic -- The golden age never was the present age -- Man is by nature a political creature -- We must often shift the sails when we wish to arrive in port -- An object of gossip for the whole world -- Illicit affairs and bastard children -- The wickedest woman in history.
600 00 - SUBJECT ADDED ENTRY--PERSONAL NAME
Personal name Cleopatra,
Titles and other words associated with a name Queen of Egypt,
Dates associated with a name -30 B.C.
650 #0 - SUBJECT ADDED ENTRY--TOPICAL TERM
Topical term or geographic name entry element Queens
Geographic subdivision Egypt
Form subdivision Biography.
651 #0 - SUBJECT ADDED ENTRY--GEOGRAPHIC NAME
Geographic name Egypt
General subdivision Kings and rulers
Form subdivision Biography.
651 #0 - SUBJECT ADDED ENTRY--GEOGRAPHIC NAME
Geographic name Egypt
General subdivision History
Chronological subdivision 332-30 B.C.
653 ## - INDEX TERM--UNCONTROLLED
Uncontrolled term ბიოგრაფია
906 ## - LOCAL DATA ELEMENT F, LDF (RLIN)
a 7
b cbc
c orignew
d 1
e ecip
f 20
g y-gencatlg
942 ## - ADDED ENTRY ELEMENTS (KOHA)
Source of classification or shelving scheme
Koha item type Books
Holdings
Withdrawn status Lost status Source of classification or shelving scheme Damaged status Not for loan Permanent location Current location Date acquired Inventory number Total Checkouts Full call number Barcode Date last seen Price effective from Koha item type
          Ken Walker International University Ken Walker International University 02/01/2021 669   92 S-32 669 02/01/2021 02/01/2021 Books

Powered by Koha